000 01912nim a2200421 i 4500
001 197361
003 ES-MaACL
005 20250828062632.0
007 ss zsnzzbimuez
008 250430s1990 sp n || c spa
035 _a(SpMaBN)a3300835
035 _a(OCoLC)431050857
040 _aSpMaBN
_bspa
_cSpMaBN
_erdc
245 0 0 _aPrimer encuentro de genealogistas y heraldistas
_h[Grabación sonora] :
_bconferencia /
_ccoordinación por D. Fernando del Arco García
260 _aMadrid :
_bAteneo de Madrid,
_c1991
300 _a5 casetes (ca. 450 min) :
_bson. ;
_c11 cm.
490 1 _3Actos culturales en el Ateneo de Madrid.
505 0 _aCinta 1. Día 19. Inauguración de las Jornadas a las 10,30h y conferencia, 17,30h – Cinta 2. Día 19, continuación de la conferencia – Cinta 3-4. Día 20. Conferencia a las 17,00h. – Cinta 5. Día 22. Sesión de clausura.
518 _aGrabado los días 19, 20 y 22 de octubre en el Ateneo de Madrid.
540 _aDocumento inédito.
594 _5Datos basados en el programa de las jornadas.
610 2 0 _aAteneo de Madrid-
_xActos culturales-
_y1991-
_vGrabaciones sonoras
_9240452
650 4 _aGenealogía
_913045
650 7 _aHeráldica
_9235652
_2embne
653 _aArchivo de la palabra
655 0 _aConferencias
_9234444
700 1 _922508
_aArco y García, Fernando del,
_ecoor
_d1923-2020
710 _aAteneo de Madrid
_9240130
_ehis
_bAgrupación Ateneísta de Estudios Vexilológicos, Heráldicos y Genealógicos
830 0 _aActos culturales en el Ateneo de Madrid
_9240237
852 _aES-MaACL
_cDEPOZ
_pCinta 1
_9205682
852 _aES-MaACL
_cDEPOZ
_pCinta 2
_9205683
852 _aES-MaACL
_cDEPOZ
_pCinta 3
_9205684
852 _aES-MaACL
_cDEPOZ
_pCinta 4
_9205685
852 _aES-MaACL
_cDEPOZ
_pCinta 5
_9205687
942 _2udc
_cCINTASAUD
_n0
999 _c197361
_d197361